Stadin slangin sanoja E-H - Statistics

Yleistilastot
  • Tätä visaa on pelattu 19 kertaa
  • Keskiarvotulos 25 / 94
Vastaustilastot
Slangi Suomi % Oikein
ege euro
93%
faija isä
93%
fillari polkupyörä
93%
fyffe raha
93%
ehta aito
86%
Espa Esplanadi
86%
fiini hieno
86%
futis jalkapallo
86%
hurtta koira
86%
geimi peli
79%
fartti pieru
79%
hiffaa ymmärtää
79%
engelsmanni englantilainen
71%
hima koti
71%
finski suomalainen
71%
friidu tyttö
71%
Hertsika Herttoniemi
64%
goisaa nukkua
64%
hanuri takapuoli
64%
fiilis tunne
64%
hilut kolikot
57%
eines ruoka
57%
falskaa vuotaa
57%
holisti alkoholisti
50%
fyllinki täyte
50%
fikkari taskulamppu
43%
Hagis Hakaniemi
36%
feidaa kadota
36%
gutaa makeata
36%
GT gin tonic
29%
flänäpäissään humalassa
29%
fantzu ihana
29%
heinähattu maalainen
29%
fooni puhelin
29%
finanssit raha-asiat
21%
fouli rike
21%
hasardi riski
21%
hellapoliisi vaimo
21%
harppu vanha nainen
21%
hodla hotelli
14%
gälli jekku
14%
ottaa hatkat lähteä karkuun
14%
grillaa ottaa aurinkoa
14%
fryysaa palella
14%
faan piru
14%
haukkaa syödä
14%
fanaattinen erikoinen
7%
gorilla henkivartija
7%
gaasis huoltoasema
7%
haneen karkuun
7%
fasadi kasvot
7%
elvistelee kerskua
7%
höveli kohtelias
7%
gasari laukku
7%
hittaa löytää
7%
hiplaa näpelöidä
7%
Fölis Seurasaari
7%
flaidis tappelu
7%
femonen vitonen
7%
figelisti viulisti
7%
guru alansa taitaja
0%
funkkis funktionalismi
0%
haidusti hauskasti
0%
haistattaa herjattaa
0%
hokaa huomata
0%
flitti huopa
0%
eri hyvin
0%
glasari juomalasi
0%
glidu kellari
0%
gubru kierous
0%
horsma kukka
0%
heittää vitoset kuolla
0%
hoili laulu
0%
flotta lautta
0%
flesubuidu lihakauppa
0%
härjää mellastaa
0%
grani naapuri
0%
hajalla olla sekaisin
0%
fiblu omena
0%
huistsabeli outo tyyppi
0%
hanari pelkuri
0%
fakkaa pidättää
0%
fedu puu
0%
hevijuuseri raskaskäyttäjä
0%
grabbe reipas nuorukainen
0%
hambuusi retku
0%
fiasko suuri virhe
0%
funtsaa tuumia
0%
haussi ulkokäymälä
0%
fengis vankila
0%
hiivaa varastaa
0%
haalaa vetää
0%
giri vihainen
0%
handeli viinapullo
0%
Ehtoja vastaavia visoja ei löytynyt
Tulosjakauma
Jokaisen tuloksen saaneiden osuus
Persentiili vastausten määrän mukaan
Tuloshistoriasi
Et ole pelannut tätä visaa